Banco de Bilbao, Madrid (Record no. 83919)

MARC details
000 -LEADER
campo de control de longitud fija 00438nam a2200145 i 4500
001 - NÚMERO DE CONTROL
campo de control 83919
003 - IDENTIFICADOR DE NÚMERO DE CONTROL
campo de control ES-MaACL
007 - CAMPO FIJO DE DESCRIPCIÓN FÍSICA--INFORMACIÓN GENERAL
campo de control de longitud fija t|
008 - DATOS DE LONGITUD FIJA--INFORMACIÓN GENERAL
campo de control de longitud fija 041118s1976 sp ||||1| spa d
100 1# - ENTRADA PRINCIPAL--NOMBRE DE PERSONA
Nombre de persona Iturrino, Francisco.
9 (RLIN) 65636
245 10 - MENCIÓN DEL TÍTULO
Título Banco de Bilbao, Madrid
Resto del título : marzo-mayo, 1976 /
Mención de responsabilidad, etc. Francisco Iturrino.
260 ## - PUBLICACIÓN, DISTRIBUCIÓN, ETC.
Lugar de publicación, distribución, etc. Bilbao :
Nombre del editor, distribuidor, etc. Banco de Bilbao,
Fecha de publicación, distribución, etc. 1976.
300 ## - DESCRIPCIÓN FÍSICA
Extensión 128 p., 18 lám. :
Otras características físicas il. ;
Dimensiones 26 cm.
852 ## - LOCALIZACIÓN
Ubicación ES-MaACL
Número de control de estantería L-874
Sublocalización o colección R.101771
Holdings
Estatus retirado Estado de pérdida Estado de daño No para préstamo Biblioteca de origen Biblioteca actual Ubicación en estantería Fecha de adquisición Fuente de adquisición Total de préstamos Signatura topográfica completa Código de barras Visto por última vez Precio de reemplazo Tipo de ítem Koha
        Biblioteca del Ateneo de Madrid Biblioteca del Ateneo de Madrid Depósito 2 17/01/2008     L-874 1087703 23/02/2023 23/02/2023 Libro impreso